[Event "Perla Baltyku Open 2012"]
[Site "Lazy POL"]
[Date "2012.07.03"]
[Round "4.14"]
[White "Korbal,A"]
[Black "Snihur,P"]
[Result "1/2-1/2"]
[WhiteElo "2127"]
[BlackElo "1997"]

1.d4 Nf6 2.c4 e6 3.Nf3 Bb4+ 4.Nbd2 O-O 5.g3 b6 6.Bg2 Bb7 7.O-O d5 8.Ne5 Nbd7
9.Ndf3 Bd6 10.Qd3 c5 11.Bf4 Qe7 12.Rfd1 cxd4 13.Nxd7 Nxd7 14.Bxd6 Qxd6 15.Nxd4 Nc5
16.Qa3 Qe7 17.Qe3 dxc4 18.Rac1 Bxg2 19.Kxg2 Qb7+ 20.f3 Qa6 21.a3 Rac8 22.Rc2 b5
23.Rcd2 Qb6 24.Nc2 Na4 25.Qxb6 Nxb6 26.Nd4 a6 27.Kf2 g6 28.e4 Rfd8 29.Ne2 Rxd2
30.Rxd2 Na4 31.Ke3 Kf8 32.Nc3 Nc5 33.Rd6 Ke7 34.e5 Rc7 35.f4 h5 36.h4  1/2-1/2

[Event "II Holuj-Radzikowski Mem"]
[Site "Warsaw POL"]
[Date "2012.07.03"]
[Round "2.5"]
[White "Batsiashvili,N"]
[Black "Iwanow,A"]
[Result "1-0"]
[WhiteElo "2434"]
[BlackElo "2186"]

1.d4 Nf6 2.c4 e6 3.Nf3 Bb4+ 4.Nbd2 b6 5.g3 Bb7 6.Bg2 c5 7.dxc5 Bxc5 8.O-O O-O
9.a3 Nc6 10.b4 Be7 11.Bb2 Rc8 12.Rc1 Rc7 13.Nb3 Qa8 14.c5 Rfc8 15.Qd3 Ne8
16.Rfd1 f5 17.Qe3 Bf6 18.Bxf6 Nxf6 19.cxb6 axb6 20.b5 Ne7 21.Rxc7 Rxc7 22.Qxb6 Ned5
23.Qa5 Qb8 24.Nbd4 Ba8 25.Qd2 Ne4 26.Qb2 Qb6 27.a4 Ra7 28.Ra1 Ndc3 29.Qb4 Nxe2+
30.Kf1 Nxd4 31.Qxd4 Qa5 32.b6 Rb7 33.Rc1 Qa6+ 34.Kg1 Rxb6 35.Qxd7 Rb8 36.Nd4 Nc5
37.Qe7 Bxg2 38.Kxg2 Qb7+ 39.Qxb7 Nxb7 40.Nxe6 Kf7 41.Nd4 Kf6 42.Rb1 Rd8 43.Rb6+ Rd6
44.Rxd6+ Nxd6 45.f4 Nb7 46.Kf3 Na5 47.Ke2 g5 48.fxg5+ Kxg5 49.Kf3 Nc4 50.Nc6 Kf6
51.a5 Ke6 52.a6 Kd6 53.a7 Nb6 54.Nd4 Ke5 55.Ke3 Nd5+ 56.Kd3 Nb6 57.Kc3 Na8
58.Kc4 h5 59.Kc5 h4 60.Nf3+  1-0

[Event "40th TCh-GRE 2012"]
[Site "Achaea GRE"]
[Date "2012.07.05"]
[Round "7.6"]
[White "Ballas,K"]
[Black "Vasiliadis,A"]
[Result "1/2-1/2"]
[WhiteElo "1970"]
[BlackElo "1943"]

1.d4 Nf6 2.c4 e6 3.Nf3 Bb4+ 4.Nbd2 O-O 5.a3 Bxd2+ 6.Qxd2 d6 7.e3 Qe7 8.Qc2 e5
9.Be2 a5 10.O-O Nc6 11.d5 Nb8 12.e4 Na6 13.Bg5 Nc5 14.b4 Na6 15.c5 axb4 16.Bxa6 b3
17.Qxb3 Rxa6 18.cxd6 Qxd6 19.Bxf6 gxf6 20.Nh4 Kh8 21.Qf3 Kg8 22.Nf5 Bxf5
23.Qxf5 Rfa8 24.Rfc1 Rxa3 25.Rxa3 Rxa3 26.Qc8+ Kg7 27.Qxb7 Qc5 28.Qb2 Qa7
29.Qe2 Ra1 30.Qg4+  1/2-1/2

[Event "40th TCh-GRE 2012"]
[Site "Achaea GRE"]
[Date "2012.07.05"]
[Round "7.9"]
[White "Kanakaris,G"]
[Black "Gratseas,S"]
[Result "1/2-1/2"]
[WhiteElo "2276"]
[BlackElo "2187"]

1.d4 Nf6 2.c4 e6 3.Nf3 Bb4+ 4.Nbd2 d5 5.e3 O-O 6.a3 Be7 7.Bd3 c5 8.dxc5 a5
9.Rb1 Bxc5 10.cxd5 exd5 11.b4 axb4 12.axb4 Bd6 13.b5 Nbd7 14.Nb3 Ne5 15.Nxe5 Bxe5
16.Bb2 Qe7 17.Bxe5 Qxe5 18.Nd4 Ne4 19.Bxe4 dxe4 20.O-O Be6 21.Qd2 Bc4 22.Rfc1 Bd3
23.Ra1 Rfc8 24.Rxc8+ Rxc8 25.h3 h6 26.Rc1 Rc5 27.Rxc5 Qxc5 28.Qb2 Kh7 29.Kh1 Bf1
30.Kg1 Bd3 31.Kh2 Bf1 32.Qa1 Bxb5 33.Qa5 Qd6+ 34.Kg1 Bc6 35.Qf5+ Qg6 36.Qc8 Qd6
37.Qf5+  1/2-1/2

[Event "NIKI Open 2012"]
[Site "Nachod CZE"]
[Date "2012.07.05"]
[Round "6.1"]
[White "Kraus,To"]
[Black "Krejci,Jan2"]
[Result "0-1"]
[WhiteElo "2255"]
[BlackElo "2476"]

1.d4 Nf6 2.c4 e6 3.Nf3 Bb4+ 4.Nbd2 O-O 5.a3 Bxd2+ 6.Bxd2 b6 7.Bg5 Bb7 8.e3 d6
9.Be2 Nbd7 10.O-O h6 11.Bh4 a5 12.Nd2 a4 13.Bf3 Qb8 14.Bxb7 Qxb7 15.Bxf6 Nxf6
16.Qf3 Rfb8 17.Qxb7 Rxb7 18.Rfc1 c5 19.f3 cxd4 20.exd4 d5 21.cxd5 Nxd5 22.Ne4 Rd8
23.Nc3 Nxc3 24.bxc3 Rc7 25.Rab1 Rdc8 26.Rb4 b5 27.Rxb5 Rxc3 28.Rxc3 Rxc3
29.d5 exd5 30.Rxd5 Rxa3 31.Ra5 Ra2 32.h4 a3 33.Kh2 g6 34.h5 g5 35.Ra6 Kg7
36.Ra7 Ra1 37.Kh3 Kf6 38.Kg3 Kg7 39.Kg4 Kf8 40.Kf5 Kg7 41.Kg4 Rg1 42.Kg3 Rh1
43.Rxa3 Rxh5 44.f4 Rh4 45.fxg5 hxg5 46.Ra7 Kg6 47.Ra6+ f6 48.Rb6 Ra4 49.Kf3 Ra3+
50.Kg4 Ra4+ 51.Kf3 Rf4+ 52.Kg3 Kh5 53.Rb8 Rf1 54.Rh8+ Kg6 55.Ra8 f5 56.Rg8+ Kf6
57.Rf8+ Kg7 58.Ra8 Rd1 59.Ra6 Rd2 60.Kf3 Rb2 61.Kg3 Kf7 62.Kf3 Rc2 63.Kg3 Re2
64.Kf3 Re6 65.Ra3 Rb6 66.g3 Kf6 67.Rc3 Rb5 68.Ra3 Ke5 69.Ra8 Rb3+ 70.Kf2 Rb2+
71.Kf3 Rb3+ 72.Kf2 Rc3 73.Rb8 Rc6 74.Rb5+ Ke4 75.Rb4+ Kd3 76.g4 f4 77.Rb5 Ke4
78.Rxg5 Rc2+ 79.Ke1 Kf3 80.Rf5 Kxg4 81.Rf8 Kf3 82.Rg8 Ra2 83.Rg7 Ra1+ 84.Kd2 Kf2
85.Rg8 f3 86.Rf8 Ra7 87.Rd8 Rg7 88.Rf8 Rd7+  0-1

[Event "NIKI Open 2012"]
[Site "Nachod CZE"]
[Date "2012.07.08"]
[Round "9.1"]
[White "Krejci,Jan2"]
[Black "Kulhanek,T"]
[Result "1/2-1/2"]
[WhiteElo "2476"]
[BlackElo "2383"]

1.d4 Nf6 2.c4 e6 3.Nf3 Bb4+ 4.Nbd2 d5 5.Qa4+ Nc6 6.a3 Be7 7.e3 O-O 8.Bd3 Re8
9.O-O Bf8 10.b4 g6 11.Bb2 a6 12.Qc2 Ne7 13.e4 c6 14.Rfe1 dxe4 15.Nxe4 Nxe4
16.Bxe4 Bg7 17.Rad1 a5 18.Ne5 axb4 19.axb4 Qc7 20.h4 b6 21.c5 b5 22.h5 Nd5
23.hxg6 hxg6 24.Nxf7 Qxf7 25.Bxg6 Qe7 26.Bxe8 Qxe8 27.Qe4 Ra2 28.Qb1 Ra4
29.Rd3 Qg6 30.Qd1 Rxb4 31.Rg3 Qf7 32.Bc1 Ne7 33.Qd2 Ra4 34.Bb2 Nf5 35.Rg5 Kh7
36.Qf4 e5 37.Qh2+ Kg8 38.Qxe5 Kh7 39.Qb8 Bd7 40.Qh2+ Nh6 41.Bc1 Bxd4 42.Rf1 Ra1
43.Qh4 Qf6 44.Bf4 Bxc5 45.Qg3 Rxf1+ 46.Kxf1 Qa1+ 47.Ke2 Qa2+ 48.Bd2 Bg4+
49.f3 Qc4+ 50.Ke1 Bb4 51.Qc7+ Nf7 52.Qh2+ Nh6 53.Qc7+ Nf7 54.Bxb4 Qxb4+ 55.Kf1 Qc4+
56.Kf2 Qd4+ 57.Kg3 Be6 58.f4 Qd7 59.Rh5+ Kg6 60.Qxd7 Bxd7 61.Rh1 Be6 62.Kf3 Bd5+
63.Ke3 b4 64.Rb1 c5 65.g4 Ba2 66.Rb2 Bc4 67.Ke4 b3 68.Rd2 Bb5 69.Kd5 c4 70.Kd4 Bd7
71.f5+ Kf6 72.Kxc4 Bc6 73.Re2 Ne5+ 74.Kxb3 Bf3 75.g5+ Kxg5 76.Rxe5  1/2-1/2

[Event "34th Oberwart Open A"]
[Site "Oberwart AUT"]
[Date "2012.07.09"]
[Round "3.5"]
[White "Saric,A"]
[Black "Danner,G"]
[Result "1/2-1/2"]
[WhiteElo "2503"]
[BlackElo "2370"]

1.d4 Nf6 2.Nf3 e6 3.c4 Bb4+ 4.Nbd2 O-O 5.e3 b6 6.Bd3 Bb7 7.O-O c5 8.a3 Bxd2
9.Bxd2 d6 10.Bc3 Nbd7 11.b4 Qc7 12.Nd2 d5 13.dxc5 bxc5 14.bxc5 Nxc5 15.Bxf6 gxf6
16.Qg4+ Kh8 17.Qh4 Nxd3 18.Qxf6+ Kg8 19.Qg5+ Kh8 20.Qf6+  1/2-1/2

[Event "ch-NOR 2012"]
[Site "Sandefjord NOR"]
[Date "2012.07.09"]
[Round "3.6"]
[White "Kvisvik,B"]
[Black "Thanke,B"]
[Result "1/2-1/2"]
[WhiteElo "2342"]
[BlackElo "2176"]

1.d4 Nf6 2.c4 e6 3.Nf3 Bb4+ 4.Nbd2 b6 5.a3 Bxd2+ 6.Qxd2 a5 7.b3 Bb7 8.e3 O-O
9.Be2 d6 10.O-O Nbd7 11.Bb2 Qe7 12.Qc2 c5 13.Rad1 Rfc8 14.Qb1 Nf8 15.a4 Ng6
16.Qa1 Re8 17.Ne1 Rad8 18.Nc2 e5 19.d5 e4 20.Na3 Ne5 21.Nb5 Bc8 22.h3 h6
23.Rd2 Bf5 24.Bd1 Qd7 25.Kh2 Nh7 26.Be2 Bxh3 27.Bxe5 Rxe5 28.gxh3 Ng5 29.Bg4 f5
30.Be2 Nxh3 31.Nxd6 Qxd6 32.Kxh3 Rf8 33.Rg1 g5 34.Kg2 f4 35.exf4 Rxf4 36.f3 exf3+
37.Bxf3 Re3 38.Rf2 g4 39.Be2 h5 40.Qb1 h4 41.Rxf4 Rg3+ 42.Kh1 Rh3+  1/2-1/2

[Event "ch-MNE 2012"]
[Site "Cetinje MNE"]
[Date "2012.07.10"]
[Round "4.2"]
[White "Nikcevic,N"]
[Black "Kosic,D"]
[Result "0-1"]
[WhiteElo "2437"]
[BlackElo "2536"]

1.d4 Nf6 2.c4 e6 3.Nf3 Bb4+ 4.Nbd2 O-O 5.a3 Be7 6.b4 d5 7.e3 Nbd7 8.Bb2 c6
9.Bd3 a5 10.c5 b6 11.Qc2 Ba6 12.Bxa6 Rxa6 13.O-O Qc7 14.Bc3 axb4 15.axb4 Rfa8
16.Qb2 Qb7 17.Rxa6 Rxa6 18.Ra1 h6 19.h3 Ne8 20.Nb3 Nc7 21.cxb6 Rxb6 22.Na5 Qc8
23.Ne1 f6 24.Nd3 c5 25.dxc5 Nxc5 26.Nxc5 Bxc5 27.Qc2 Bf8 28.Rc1 Na6 29.Qb1 Qd7
30.Qg6 Nxb4 31.Bd4 Rb5 32.Nb3 Na6 33.Qd3 Qb7 34.Nd2 Nb4 35.Qe2 e5 36.Ba1 Ra5
37.Bc3 Na2 38.Bxa5 Nxc1 39.Qg4 Qa6 40.Bc7 Qc6 41.Qc8 Ne2+ 42.Kf1 Nc3 43.Qd8 d4
44.exd4 Nd5 45.dxe5 Nxc7 46.exf6 Ne6 47.Qb8 gxf6 48.Kg1 Kf7 49.Qb1 Qd5 50.Nf1 Ng7
51.Ne3 Qe6 52.Qb7+ Be7 53.g4 Qe5 54.Qb3+ Kf8 55.Qc2 Bd6 56.Qc8+ Ne8 57.Nf1 Bc5
58.Qc6 Nd6 59.Qc7 Bxf2+ 60.Kg2 Bc5 61.Qb8+ Kg7 62.Ng3 Qd5+  0-1

[Event "Werner-Ott-Open 2012"]
[Site "Berlin GER"]
[Date "2012.07.11"]
[Round "5.5"]
[White "Waldmann,H"]
[Black "Hoffmann,Ra"]
[Result "1-0"]
[WhiteElo "2342"]
[BlackElo "2116"]

1.d4 Nf6 2.Nf3 e6 3.c4 Bb4+ 4.Nbd2 d5 5.e3 c5 6.a3 Bxd2+ 7.Qxd2 cxd4 8.Nxd4 O-O
9.Be2 Nc6 10.O-O e5 11.Nxc6 bxc6 12.b4 Ne4 13.Qc2 Bf5 14.Bd3 Bg6 15.Bb2 Re8
16.Rac1 Nd6 17.cxd5 cxd5 18.Rfd1 Rc8 19.Qb3 Rxc1 20.Bxc1 d4 21.exd4 exd4
22.h3 Ne4 23.Bb2 Qb6 24.Bxe4 Rxe4 25.Qd5 h5 26.Bxd4 Qa6 27.Qa8+ Kh7 28.Qxa7 Qe2
29.Rc1 Qd3 30.Be3 Rc4 31.Rxc4 Qxc4 32.Qa5 f6 33.a4 Bf7 34.Qb6 Qd3 35.a5 Bc4
36.Qc5 Kg6 37.Kh2 Qe2 38.Qd6 Ba6 39.Qe6 Bb5 40.Qe4+ Kf7 41.Qd5+ Kg6 42.Bd4 Bc4
43.Qd6 Bb5 44.Qg3+ Kf7 45.Qf4 Kg6 46.Be3 Kf7 47.Qf5 Bd3 48.Qd7+ Kg6 49.Qe8+ Kh7
50.Kg3 Bg6 51.Qe7 Qc4 52.Qc5  1-0

[Event "ch-NOR 2012"]
[Site "Sandefjord NOR"]
[Date "2012.07.13"]
[Round "8.7"]
[White "Holm,Kristian Stuvik"]
[Black "Moen,A"]
[Result "1/2-1/2"]
[WhiteElo "2310"]
[BlackElo "2392"]

1.d4 Nf6 2.c4 e6 3.Nf3 Bb4+ 4.Nbd2 b6 5.a3 Bxd2+ 6.Qxd2 Bb7 7.e3 d6 8.Be2 O-O
9.O-O Nbd7 10.b4 Ne4 11.Qc2 f5 12.d5  1/2-1/2

[Event "ch-NOR 2012"]
[Site "Sandefjord NOR"]
[Date "2012.07.13"]
[Round "8.3"]
[White "Hammer,J"]
[Black "Fossan,E"]
[Result "1-0"]
[WhiteElo "2638"]
[BlackElo "2360"]

1.d4 Nf6 2.c4 e6 3.Nf3 Bb4+ 4.Nbd2 b6 5.a3 Bxd2+ 6.Qxd2 Bb7 7.e3 O-O 8.Bd3 c5
9.dxc5 bxc5 10.O-O Bxf3 11.gxf3 d5 12.cxd5 Qxd5 13.Be2 Nc6 14.Qxd5 exd5 15.Bd2 Rab8
16.Rab1 Rb6 17.Rfc1 Nd7 18.f4 f5 19.Bf3 Ne7 20.Bc3 Kf7 21.Rc2 Ke6 22.Rd1 Rc8
23.Rcd2 Rd6 24.Be2 Nf6 25.f3 Rb6 26.Bd3 Nc6 27.Bb1 d4 28.exd4 cxd4 29.Ba2+ Ke7
30.Re2+ Kf8 31.Be1 Re8 32.Rxe8+ Kxe8 33.b4 Ke7 34.Bc4 a6 35.Bh4 Kd6 36.Bf2 Kc7
37.Re1 Kd6 38.Re6+ Kd7 39.Bxd4 Rxb4 40.axb4 Nxd4 41.Rxa6 Nxf3+ 42.Kf2 Nxh2
43.Be6+ Kc7 44.Bxf5 Nhg4+ 45.Bxg4 Nxg4+ 46.Kf3 Kb7 47.Re6  1-0

[Event "27th Gniota Memorial"]
[Site "Police POL"]
[Date "2012.07.14"]
[Round "4.10"]
[White "Korbal,A"]
[Black "Kuciel,W"]
[Result "1-0"]
[WhiteElo "2127"]
[BlackElo "2002"]

1.d4 Nf6 2.c4 e6 3.Nf3 Bb4+ 4.Nbd2 b6 5.a3 Bxd2+ 6.Qxd2 Bb7 7.g3 c5 8.Bg2 cxd4
9.O-O Qc7 10.Qxd4 Nc6 11.Qh4 Ne7 12.Qf4 d6 13.b3 Ng6 14.Qe3 O-O 15.Bb2 e5
16.Rfd1 Rad8 17.Rac1 Nd7 18.b4 h6 19.Bh3 Nf6 20.Ne1 Ne4 21.f3 Ng5 22.Bg2 f5
23.c5 dxc5 24.Rxd8 Rxd8 25.h4 f4 26.Qc3 Ne6 27.h5 Nd4 28.Qc4+ Bd5 29.Qd3 e4
30.Qxd4  1-0

[Event "ch-NOR 2012"]
[Site "Sandefjord NOR"]
[Date "2012.07.16"]
[Round "9.8"]
[White "Tjomsland,S"]
[Black "Holm,Kristian Stuvik"]
[Result "1/2-1/2"]
[WhiteElo "2375"]
[BlackElo "2310"]

1.d4 Nf6 2.Nf3 e6 3.c4 Bb4+ 4.Nbd2 b6 5.e3 Bb7 6.Be2 O-O 7.O-O d5 8.b3 Nbd7
9.Bb2 Qe7 10.Rc1 c6 11.Qc2 Rac8 12.Qb1 h6 13.Rfd1  1/2-1/2

[Event "11th Condom IM 2012"]
[Site "Condom FRA"]
[Date "2012.07.17"]
[Round "5.1"]
[White "Ravot,S"]
[Black "Inkiov,V"]
[Result "0-1"]
[WhiteElo "2278"]
[BlackElo "2460"]

1.d4 Nf6 2.c4 e6 3.Nf3 Bb4+ 4.Nbd2 b6 5.a3 Bxd2+ 6.Qxd2 Bb7 7.e3 O-O 8.Be2 d6
9.O-O Nbd7 10.b4 Ne4 11.Qc2 f5 12.d5 exd5 13.Nd4 Rf7 14.cxd5 Bxd5 15.f3 c5
16.fxe4 Bxe4 17.Qb3 cxd4 18.Bc4 d5 19.Bxd5 Bxd5 20.Qxd5 Nf8 21.Qb3 Qd7 22.exd4 Qxd4+
23.Be3 Qd7 24.a4 Re8 25.Rfe1 Qe6 26.Qb2 Rfe7 27.Bf2 Qd5 28.Rxe7 Rxe7 29.Re1 Rxe1+
30.Bxe1 Ne6 31.Bc3 Nf4 32.Qd2 Qxd2 33.Bxd2 Nd5 34.Kf2 Kf7 35.Ke2 Ke6 36.Kd3 Ke5
37.Kc4 a6 38.g3 Ke4 39.a5 bxa5 40.bxa5 Ne3+ 41.Kc5 g5 42.Kb6 f4 43.gxf4 gxf4
44.Kxa6 Kd3 45.Be1 Ke2 46.Bh4 f3 47.Kb6 Nc4+ 48.Kc5 Nxa5 49.Kd5 Nb3 50.Ke5 Nd2
51.Kf4 Nf1 52.h3 Ne3 53.Bg3 h6 54.Bh4 Ng2+  0-1

[Event "Corporation Centre Cup A"]
[Site "Izhevsk RUS"]
[Date "2012.07.17"]
[Round "3"]
[White "Afanasiev,D2"]
[Black "Faizrakhmanov,Ramil"]
[Result "0-1"]
[WhiteElo "2068"]
[BlackElo "2308"]

1.d4 Nf6 2.c4 e6 3.Nf3 Bb4+ 4.Nbd2 O-O 5.a3 Be7 6.e4 d5 7.Bd3 c5 8.dxc5 dxe4
9.Nxe4 Nxe4 10.Bxe4 Qxd1+ 11.Kxd1 Bxc5 12.Be3 Bxe3 13.fxe3 Nd7 14.Ke2 Nf6
15.Bc2 b6 16.Rhd1 Ba6 17.Bd3 Rfc8 18.b3 Bb7 19.Rac1 Kf8 20.g3 Bxf3+ 21.Kxf3 Ke7
22.Be4 Rab8 23.Rd2 Rc7 24.Rcd1 g6 25.Kf4 Nd7 26.g4 h6 27.h4 Nc5 28.Bc2 a5
29.Kf3 b5 30.b4 Nd7 31.cxb5 Ne5+ 32.Kf4 Nc4 33.Re2 axb4 34.axb4 Rxb5 35.Bd3 g5+
36.hxg5 hxg5+ 37.Kg3 Nxe3 38.Bxb5 Nxd1 39.Rd2 Nc3 40.Bd3 Rd7 41.Kf3 Rd8 42.b5 Nxb5
43.Ke3 Nc3 44.Rh2 Nd5+ 45.Kf3 Nf6  0-1

[Event "ch-SUI Hauptturnier 1 2012"]
[Site "Flims SUI"]
[Date "2012.07.18"]
[Round "7"]
[White "Huss,A"]
[Black "Miezis,N"]
[Result "0-1"]
[WhiteElo "2319"]
[BlackElo "2578"]

1.d4 Nf6 2.c4 e6 3.Nf3 Bb4+ 4.Nbd2 c5 5.a3 Bxd2+ 6.Bxd2 cxd4 7.Nxd4 Ne4 8.e3 Qf6
9.Qf3 Qe5 10.Rd1 Nc6 11.Nb5 O-O 12.Bd3 f5 13.O-O a6 14.Bc3 Nxc3 15.Nxc3 b6
16.Qf4 Qb8 17.Qxb8 Rxb8 18.f4 Kf7 19.e4 g6 20.Be2 Ke7 21.g4 fxg4 22.Bxg4 Bb7
23.h4 Na5 24.Be2 Rfc8 25.Rd4 Nb3 26.Rdd1 Rf8 27.e5 Bc6 28.Kh2 b5 29.cxb5 axb5
30.Na2 Bd5 31.Nb4 Bc4 32.Bd3 Rbc8 33.Rf2 Na5 34.Bc2 Rf7 35.Rdd2 Ke8 36.Kg3 Bb3
37.Bxb3 Nxb3 38.Rd3 Nc5 39.Rd4 Na4 40.Rfd2 Nb6 41.b3 Ra8 42.Rd6 Nc8 43.Ra6 Rb8
44.Ra5 Ne7 45.Rd3 Nf5+ 46.Kh3 Ng7 47.Kg4 h6 48.Na6 Rc8 49.Rxb5 Nh5 50.Rb4 Rc1
51.Rf3 Rg1+ 52.Kh3 g5 53.hxg5 hxg5 54.Kh2 Re1 55.Rh3 Nxf4 56.Rh8+ Ke7 57.Rbb8 Rxe5
58.b4 Re2+ 59.Kg1 Ra2 60.b5 g4 61.Rhe8+ Kd6 62.Rb6+ Ke5  0-1

[Event "Corporation Centre Cup A"]
[Site "Izhevsk RUS"]
[Date "2012.07.18"]
[Round "4.37"]
[White "Vostrikov,A"]
[Black "Khazieva,E"]
[Result "1/2-1/2"]
[WhiteElo "2206"]
[BlackElo "2085"]

1.d4 Nf6 2.c4 e6 3.Nf3 Bb4+ 4.Nbd2 O-O 5.g3 d5 6.a3 Be7 7.Bg2 c5 8.cxd5 Qxd5
9.O-O cxd4 10.Nb3 d3 11.exd3 Nc6 12.Nfd4 Qd6 13.Nxc6 bxc6 14.d4 Ba6 15.Re1 Bc4
16.Nc5 Bd5 17.Bf4 Qd8 18.b4 Bxc5 19.dxc5 a5 20.Bd6 Re8 21.Qd3 Qd7 22.Rab1 axb4
23.axb4 Rec8 24.f4 Bxg2 25.Kxg2 Ra2+ 26.Re2 Rxe2+ 27.Qxe2 Nd5 28.Qd3 Qa7
29.b5 Qa2+ 30.Kh3 cxb5 31.Rxb5 h5 32.Be5 Qf2 33.c6 Ne3 34.Rb2 Qf3 35.Qe2 Qg4+
36.Qxg4 hxg4+ 37.Kh4 Rxc6 38.Re2 Nc4 39.Kxg4 Nxe5+ 40.fxe5 g6 41.Kg5 Kg7
42.h4 Rc3 43.g4 Rh3 44.Rg2 Re3 45.Kf4 Rh3 46.Kg5  1/2-1/2

[Event "5th Paleochora Open"]
[Site "Paleochora GRE"]
[Date "2012.07.18"]
[Round "4.28"]
[White "Heikkila,A"]
[Black "Solberg,J"]
[Result "0-1"]
[WhiteElo "1982"]
[BlackElo "2250"]

1.c4 e6 2.d4 Nf6 3.Nf3 Bb4+ 4.Nbd2 b6 5.a3 Be7 6.e4 Bb7 7.d5 exd5 8.cxd5 O-O
9.Bd3 c6 10.dxc6 dxc6 11.Qc2 h6 12.O-O Nbd7 13.Re1 Nc5 14.Bf1 Rc8 15.b3 Ne6
16.Bb2 b5 17.Rad1 Qb6 18.Nh4 Ng4 19.Ndf3 Bc5 20.Re2 Nf4 21.Red2 Rcd8 22.Nd4 Ne6
23.Nhf5 Qc7 24.g3 Nxd4 25.Nxd4 Bb6 26.Bg2 a6 27.h3 Ne5 28.Kh2 c5 29.Nxb5 Rxd2
30.Rxd2 axb5 31.f4 Nc6 32.e5 Rd8 33.e6 Rxd2 34.Qxd2 fxe6 35.Qe2 Nd8 36.Be5 Qd7  0-1

[Event "ch-PHI Grand Final 2012"]
[Site "Boracay PHI"]
[Date "2012.07.19"]
[Round "7.3"]
[White "Laylo,D"]
[Black "Antonio,R"]
[Result "1-0"]
[WhiteElo "2489"]
[BlackElo "2548"]

1.d4 Nf6 2.c4 e6 3.Nf3 Bb4+ 4.Nbd2 O-O 5.a3 Be7 6.Qc2 c5 7.e4 cxd4 8.e5 Ne8
9.Bd3 h6 10.Nxd4 d6 11.exd6 Qxd6 12.N2f3 a6 13.Be3 Nf6 14.h3 b6 15.O-O-O Bb7
16.g4 e5 17.Nf5 Qe6 18.Nxg7 Kxg7 19.Bf5 Bxf3 20.Bxh6+ Kxh6 21.Bxe6 fxe6 22.g5+ Kg7
23.gxf6+ Rxf6 24.Rhg1+ Kh8 25.Rd3 Bh5 26.Rdg3 Nc6 27.Qe4 Rc8 28.Rg7 Rf5 29.Qg2  1-0

[Event "7th Nana Aleksandria Cup"]
[Site "Poti GEO"]
[Date "2012.07.20"]
[Round "9.15"]
[White "Tqebuchava,G"]
[Black "Shamatava,A"]
[Result "0-1"]
[WhiteElo "2286"]
[BlackElo "2051"]

1.d4 Nf6 2.c4 e6 3.Nf3 Bb4+ 4.Nbd2 b6 5.g3 Ba6 6.Qa4 c5 7.a3 Bxd2+ 8.Bxd2 Bb7
9.dxc5 bxc5 10.Bg2 O-O 11.O-O Bc6 12.Qa5 Qe7 13.Rfd1 d6 14.b4 Nbd7 15.Bf4 e5
16.Bg5 h6 17.Qc7 hxg5 18.Qxc6 g4 19.Nd2 Nb6 20.Rac1 Rac8 21.Qb5 Ne8 22.a4 Nc7
23.Qa5 Ne6 24.b5 f5 25.e3 e4 26.h4 g5 27.hxg5 Rf7 28.Qa6 Rb8 29.a5 Nc8 30.Nxe4 fxe4
31.Bxe4 Kg7 32.Bd5 Qf6 33.Rd2  0-1

[Event "6th Varna Open"]
[Site "Varna BUL"]
[Date "2012.07.20"]
[Round "9.14"]
[White "Dereshki,D"]
[Black "Arnaudov,P"]
[Result "1-0"]
[WhiteElo "1930"]
[BlackElo "2180"]

1.d4 Nf6 2.c4 e6 3.Nf3 Bb4+ 4.Nbd2 O-O 5.a3 Bxd2+ 6.Qxd2 Ne4 7.Qc2 f5 8.e3 b6
9.Be2 Bb7 10.b4 a5 11.Bb2 Qe7 12.b5 d6 13.O-O Nd7 14.Rad1 Rf6 15.Nd2 Rh6
16.f3 Nxd2 17.Qxd2 Qh4 18.h3 Qg3 19.Kh1 Nf6 20.Qe1 Nh5 21.d5 e5 22.f4 e4
23.Bxh5 Qxe1 24.Rdxe1 Rxh5 25.Kh2 Kf7 26.Rg1 Bc8 27.g3 g5 28.Ref1 Bd7 29.fxg5 Rxg5
30.g4 Rag8 31.gxf5 Rxg1 32.Rxg1 Rxg1 33.Kxg1 Bxf5 34.Kg2 Bg6 35.Kf2 Bh5 36.Ke1 Bf3
37.Bc3 Kg6 38.c5 Bg2 39.cxb6 cxb6 40.Bxa5 Kf6 41.Bxb6 Ke5 42.Bd4+ Kxd5 43.b6 Kc6
44.h4 h5 45.Kf2 Bh3 46.Kg3 Bf1 47.Kf4 Bd3 48.a4 Kb7 49.Kf5 Kc6 50.Ke6 Ba6
51.Ke7 d5 52.Kd8 Bb7 53.Ke7 Ba6 54.Ke6 Bc4 55.a5 Ba6 56.Kf6 Kb7 57.Kf5 Bc4
58.Kg5 Be2 59.Kf4 Ba6 60.Kf5 Kc6 61.Kg5 Be2 62.a6  1-0

[Event "ch-PHI Grand Final 2012"]
[Site "Boracay PHI"]
[Date "2012.07.22"]
[Round "11.1"]
[White "Laylo,D"]
[Black "Torre,E"]
[Result "1/2-1/2"]
[WhiteElo "2489"]
[BlackElo "2469"]

1.d4 Nf6 2.Nf3 e6 3.c4 Bb4+ 4.Nbd2 b6 5.a3 Bxd2+ 6.Qxd2 Bb7 7.e3 O-O 8.Be2 d6
9.O-O Nbd7 10.b4 Qe7 11.Bb2 a5 12.Rfd1 axb4 13.axb4 Rfd8 14.Qc3 Qf8 15.Nd2 Rxa1
16.Rxa1 Ra8 17.f3 Rxa1+ 18.Bxa1 Qa8 19.Bb2 Qa4 20.Qb3 Qxb3 21.Nxb3 Kf8 22.b5 Ke7
23.Ba3 Ne8 24.Kf2 f6 25.Nd2 g6 26.Nb1 f5 27.Nc3 Nef6 28.g4 fxg4 29.fxg4 Ne4+
30.Nxe4 Bxe4 31.g5 e5 32.h4 Bf5 33.Kg3 exd4 34.exd4 Nf8 35.Bc1 Ne6 36.Be3 Be4
37.Bf2 Ng7 38.Kf4 Bg2 39.d5 Bh3 40.Bd4 Nh5+ 41.Kf3 Bf5 42.Bf2 Bc2 43.Ke3 Bf5
44.Be1 Bh3 45.Bd3 Bg4 46.Bc3 Bh3 47.Kf3 Bc8  1/2-1/2

[Event "23rd Czech Open A"]
[Site "Pardubice CZE"]
[Date "2012.07.22"]
[Round "3.64"]
[White "Jorczik,J"]
[Black "Palecek,P"]
[Result "1-0"]
[WhiteElo "2399"]
[BlackElo "2245"]

1.d4 Nf6 2.Nf3 e6 3.c4 Bb4+ 4.Nbd2 O-O 5.a3 Bxd2+ 6.Bxd2 b6 7.g3 Bb7 8.Bg2 d6
9.O-O Nbd7 10.b4 Be4 11.Bc3 Qe7 12.Re1 Rfd8 13.Bf1 c5 14.Nd2 Bb7 15.e4 e5
16.d5 Ne8 17.f4 f6 18.Bh3 Nc7 19.Nb3 Ba6 20.bxc5 Nxc5 21.Nxc5 dxc5 22.fxe5 fxe5
23.Rf1 g6 24.Qb3 Rd6 25.a4 Re8 26.Rad1 Qg5 27.Rd3 Qh5 28.g4 Qg5 29.Bd2 Qd8
30.g5 Bc8 31.Bxc8 Qxc8 32.h3 Qd8 33.Rff3 Rf8 34.Rxf8+ Qxf8 35.Rf3 Qe7 36.Qe3 Na6
37.Bc3 Nb8 38.Rf2 a5 39.Qg3 Nd7 40.h4 Kg7 41.Kf1 Kg8 42.Ke2 Qg7 43.Kd3 Qe7
44.Qg4 Qe8 45.Qf3 Qe7 46.h5 Qg7 47.Qg4 Qe7 48.hxg6 Rxg6 49.Rf5 h6 50.Bd2 hxg5
51.Bxg5 Qd6 52.Qh4 Qb8 53.Bd8 Nf8 54.Qe7 Rg3+ 55.Ke2  1-0

[Event "ch-PHI Grand Final 2012"]
[Site "Boracay PHI"]
[Date "2012.07.24"]
[Round "13.6"]
[White "Barbosa,O PHI"]
[Black "Antonio,R"]
[Result "1-0"]
[WhiteElo "2554"]
[BlackElo "2548"]

1.d4 Nf6 2.c4 e6 3.Nf3 Bb4+ 4.Nbd2 b6 5.a3 Bxd2+ 6.Qxd2 Bb7 7.g3 d6 8.Bg2 Nbd7
9.O-O O-O 10.Rd1 Qe7 11.b3 a5 12.Bb2 Rfe8 13.Qc3 Be4 14.Bh3 c6 15.Nd2 Bg6
16.Bg2 d5 17.a4 Rac8 18.Ba3 c5 19.Qb2 Nb8 20.Nf3 Be4 21.Bf1 dxc4 22.bxc4 Qc7
23.dxc5 bxc5 24.Nd2 Ba8 25.Nb1 Na6 26.Nc3 Qe5 27.Qc1 Qh5 28.f3 Nb4 29.Nb5 Red8
30.Qc3 Qg6 31.Rd2 Rxd2 32.Qxd2 h5 33.Rd1 h4 34.Kf2 hxg3+ 35.hxg3 e5 36.Bc1 Qf5
37.Kg1 Qg6 38.Qg5 Qc2 39.Rd2 Qxa4 40.Nd6 Nh7 41.Qxe5 Nc6 42.Qxc5 Rb8 43.Bb2 Qb4
44.Qe3 Rd8 45.Bc3 Qb1 46.Qf4 Qg6 47.Bh3 Ng5 48.Bf5 Qh6 49.Kg2 a4 50.Rd1 Ne7
51.Ne4 Re8 52.Nxg5 Nd5 53.Bh7+  1-0

[Event "23rd Czech Open A"]
[Site "Pardubice CZE"]
[Date "2012.07.24"]
[Round "5.48"]
[White "Potapov,Alexa1"]
[Black "Laubert,J"]
[Result "1/2-1/2"]
[WhiteElo "2395"]
[BlackElo "2108"]

1.d4 Nf6 2.c4 e6 3.Nf3 Bb4+ 4.Nbd2 d5 5.g3 O-O 6.Bg2 c5 7.cxd5 Nxd5 8.dxc5 Nc6
9.O-O Bxc5 10.Qc2 Be7 11.Rd1 Bd7 12.e4 Nb6 13.Nb3 Rc8 14.Qe2 Qc7 15.Be3 e5
16.Rac1 Rfd8 17.Nfd2 Be6 18.Qb5 Nd7 19.f4 f6 20.f5 Bf7 21.Bf1 a6 22.Qe2 b5
23.Qf2 Qb7 24.a3 a5 25.Bd3 a4 26.Na1 Nd4 27.g4 Nc5 28.Bb1 Rc7 29.Qg2 Rcd7
30.Rf1 b4 31.g5 Kh8 32.Nf3 Nxf3+ 33.Qxf3 Nd3 34.Bxd3 Rxd3 35.Nc2 bxa3 36.bxa3 Bc5
37.Rfe1 Bb3 38.Qf2 Bxe3 39.Rxe3 Rd2 40.Re2 Rxe2 41.Qxe2 Qc6 42.Qf2 Rc8 43.gxf6 gxf6
44.Qh4 Bxc2 45.Rxc2 Qxc2 46.Qxf6+ Kg8 47.Qe6+ Kg7 48.Qe7+ Kh6 49.Qh4+ Kg7
50.Qe7+ Kg8 51.Qe6+ Kf8 52.Qf6+ Ke8 53.Qe6+ Kf8  1/2-1/2

[Event "TCh-CRC Premier 2012"]
[Site "San Jose CRC"]
[Date "2012.07.26"]
[Round "5.4"]
[White "Maynard,F"]
[Black "Arias Santana,M"]
[Result "0-1"]
[WhiteElo "2154"]
[BlackElo "2316"]

1.d4 Nf6 2.c4 e6 3.Nf3 Bb4+ 4.Nbd2 O-O 5.g3 d5 6.cxd5 exd5 7.Bg2 Re8 8.O-O Bd6
9.b3 Bf5 10.Bb2 Nbd7 11.Nh4 Bg4 12.Re1 Ne4 13.Qc2 Qe7 14.Bf3 Ndf6 15.a3 Bh3
16.Ng2 h5 17.b4 h4 18.Bxe4 dxe4 19.Nc4 hxg3 20.hxg3 Nd5 21.Nxd6 Qxd6 22.Qc5 Qe6
23.Bc1 e3 24.f3 Qg6 25.Kh2 Bxg2 26.Qxd5 Rad8 27.Qb3 Rxd4 28.Bxe3 Rg4 29.Bf2 Bh1
30.Rxh1 Rxg3 31.Rhg1 Rxe2 32.Rxg3 Rxf2+ 33.Kh3 Qh5+  0-1

[Event "27th Avoine Open"]
[Site "Avoine FRA"]
[Date "2012.07.27"]
[Round "7.23"]
[White "Dutreuil,R"]
[Black "Marie,M"]
[Result "1/2-1/2"]
[WhiteElo "2024"]
[BlackElo "2192"]

1.d4 Nf6 2.c4 e6 3.Nf3 Bb4+ 4.Nbd2 b6 5.e3 Bb7 6.Bd3 O-O 7.O-O c5 8.a3 Bxd2
9.Bxd2 d6 10.b4 Nbd7 11.Bc3 Ne4 12.Bxe4 Bxe4 13.Nd2 Bd3 14.Re1 cxd4 15.Bxd4 Bg6
16.Qf3 Qe7 17.e4 Rad8 18.Rad1 Ne5 19.Qc3 f6 20.f4 Nc6 21.Bf2 Qc7 22.Nf3 Bh5
23.Rd2 Bxf3 24.Qxf3 Ne7 25.Qb3 Kh8  1/2-1/2

[Event "PAB Romania Open 2012"]
[Site "Arad ROU"]
[Date "2012.07.28"]
[Round "2.35"]
[White "Brosman,A"]
[Black "Sandor,Petr"]
[Result "0-1"]
[WhiteElo "1929"]
[BlackElo "2227"]

1.d4 Nf6 2.c4 e6 3.Nf3 Bb4+ 4.Nbd2 d5 5.Qb3 Nc6 6.e3 O-O 7.a3 Be7 8.Qc2 a5
9.b3 Ne8 10.Bd3 f5 11.c5 Nf6 12.O-O Ne4 13.Bb2 Bd7 14.Bb5 Nb4 15.axb4 Bxb5
16.Rfe1 axb4 17.Rxa8 Qxa8 18.Ra1 Qb8 19.Ne5 Bf6 20.Nd3 Bxd3 21.Qxd3 Nxc5
22.Qb5 Na6 23.f3 c6 24.Qd3 Be7 25.Rc1 Bd6 26.Nf1 e5 27.e4 fxe4 28.fxe4 dxe4
29.Qxe4 Rf4 30.Qe3 exd4 31.Qe6+ Kh8 32.Re1 Qf8 33.Nd2 Nc7 34.Qc4 c5 35.Nf3 Qf7
36.Qd3 Qf5 37.Qe2 Qf8 38.Ng5 h6 39.Qh5 Kg8 40.Nf3 Qf5 41.Re8+ Nxe8 42.Qxe8+ Kh7
43.Qe2 Qb1+ 44.Kf2 d3 45.Qd2 Re4 46.Ne1 Bf4  0-1